S+ functional data analysis : user's manual for Windows

Αποθηκεύτηκε σε:
Λεπτομέρειες βιβλιογραφικής εγγραφής
Άλλοι συγγραφείς: Clarkson, Douglas B.
Μορφή: Βιβλίο
Γλώσσα:English
Δημοσίευση: New York : Springer Science+Business Media, c2005
Θέματα:
Ετικέτες: Προσθήκη ετικέτας
Δεν υπάρχουν, Καταχωρήστε ετικέτα πρώτοι!

MARC

LEADER 00000nam a2200000 i 4500
001 1/70253
008 080114s2005 eng d
020 |a 0-387-24969-9 
035 |l 10093631 
040 |a GR-MY-UA  |b gre  |e aacr 
041 0 |a eng 
082 0 |a 519.535  |2 (22) 
245 1 0 |a S+ functional data analysis :  |b user's manual for Windows /  |c Douglas B. Clarkson... [κ.ά] 
260 |a New York :   |b Springer Science+Business Media,   |c c2005 
300 |a x, 192 σ.;  |c 24 εκ. 
504 |a Περιέχει βιβλιογραφικές παραπομπές ( σ. 87) και ευρετήριο. 
650 0 0 |a Multivariate analysis  |x Software. 
650 0 0 |a Analysis of variance. 
700 1 |a Clarkson, Douglas B. 
852 |a INST  |b SAMOS  |e 20080114  |h 519.535 FUN  |p 005300027201  |q 005300027201  |t BK  |y 0 
901 |a BIBL3-2008-1 
909 |a Σ  |b 143411 
922 |a 3ΕΛΗ  |b 200712  |c ΕΠΕΑΕΚ2/ΤΣΑΕ  |d ΕΛΕΥΘΕΡΟΥΔΑΚΗΣ 
970 |a ΣΙΤΖΙΜΗ  |b ΓΙΑΣΕΜΗ  |z 2008/01/14